| 000 | 00651nam a22002177a 4500 | ||
|---|---|---|---|
| 003 | FIL | ||
| 005 | 20170615113037.0 | ||
| 008 | 130305t xxu||||| |||| 00| 0 eng d | ||
| 020 | _a9710412983 | ||
| 050 |
_aGE 105 _b.G948 2015 |
||
| 082 |
_aFIL 363.7 _bc357 2008 |
||
| 100 | _aGuido, Ryan Manuel D. | ||
| 245 |
_aFundamentals of environmental science / _cRyan Manuel D. Guida (and 4 others). |
||
| 260 |
_aMandaluyong CIty : _bBooks Atbp., _c2015. |
||
| 300 |
_aix, 179 pages : _billustrations ; _c25 cm. |
||
| 500 | _aIncludes bibliographical references. | ||
| 526 | _c1210L-1700L | ||
| 562 | _e1 | ||
| 942 |
_2lcc _cBK _kFIL |
||
| 999 |
_c335233 _d335233 |
||